书目信息 |
| 题名: |
诱拐
|
|
| 作者: | 斯蒂文森 , Stevenson 著 ;侯浚吉 译 | |
| 分册: | ||
| 出版信息: | 南昌 江西人民出版社 1979 |
|
| 页数: | 293页 | |
| 开本: | 19cm | |
| 丛书名: | ||
| 单 册: | ||
| 中图分类: | K561.44 , I561.4 | |
| 科图分类: | ||
| 主题词: | 长篇小说--英国--近代 , 文学 | |
| 电子资源: | ||
| ISBN: | ||
| 000 | 00821nam0 2200301 45 | |
| 001 | 1539166611 | |
| 005 | 20150120105333.26 | |
| 010 | @dCNY0.66 | |
| 091 | @aCN@b10110.130 | |
| 100 | @a19950724d1979 em y0chiy0121 ea | |
| 101 | 1 | @achi@ceng |
| 102 | @aCN@b360000 | |
| 105 | @af z 000ay | |
| 200 | 10 | @a诱拐@Ayou guai@f(英)史蒂文生(R.L.Stevenson)著@g侯浚吉译 |
| 210 | @a南昌@c江西人民出版社@d1979 | |
| 215 | @a293页@c图@d19cm | |
| 300 | @a书名原文:Kidnapped | |
| 304 | @a著者通译:斯蒂文森 | |
| 510 | 1 | @aKidnapped@zeng |
| 606 | @a长篇小说@y英国@z近代 | |
| 606 | 0 | @a文学 |
| 690 | @aK561.44@v3 | |
| 690 | @aI561.4@v4 | |
| 701 | 1 | @a斯蒂文森@Asi di wen sen@bR.L.@4著 |
| 701 | A1 | @aStevenson@bR.L.@4著 |
| 702 | 0 | @a侯浚吉@Ahou jun ji@4译 |
| 801 | 0 | @aCN@bTSSF@c20150120 |
| 905 | @aZUCC@dI561.4@eJY47 | |
| 诱拐/(英)史蒂文生(R.L.Stevenson)著/侯浚吉译.-南昌:江西人民出版社,1979 |
| 293页:图;19cm |
| 书名原文:Kidnapped |
| ISBN :CNY0.66 |
| ● |
| 相关链接 |
|
|
|
|
正题名:诱拐
索取号:I561.4/JY47
 
预约/预借
| 序号 | 登录号 | 条形码 | 馆藏地/架位号 | 状态 | 备注 |
| 1 | 7850264 | 278502648 | 学院路分馆/ [索取号:I561.4/JY47] | 在馆 | |
| 2 | 7850265 | 278502657 | 学院路分馆/ [索取号:I561.4/JY47] | 在馆 | |
| 3 | 7850266 | 278502666 | 学院路分馆/ [索取号:I561.4/JY47] | 在馆 | |
| 4 | 7850267 | 278502675 | 学院路分馆/ [索取号:I561.4/JY47] | 在馆 |